| 000 | 00354nam a2200145Ia 4500 | ||
|---|---|---|---|
| 008 | 230312s9999||||xx |||||||||||||| ||und|| | ||
| 020 | _a0538747544 | ||
| 082 |
_a006.74 _bSHE-H |
||
| 100 | _aShelly,Gary B | ||
| 245 | 0 | _aHTML, XHTML, and CSS : comprehensive | |
| 260 |
_bCengage _aUSA _c2011 |
||
| 300 | _a627 | ||
| 650 |
_aComputer _vXHTML |
||
| 942 | _cBK | ||
| 999 |
_c16611 _d16611 |
||